11th hour (Record no. 26107)
[ view plain ]
| 000 -LEADER | |
|---|---|
| fixed length control field | 00912nam a22002177a 4500 |
| 003 - CONTROL NUMBER IDENTIFIER | |
| control field | PILC |
| 005 - DATE AND TIME OF LATEST TRANSACTION | |
| control field | 20160129113631.0 |
| 008 - FIXED-LENGTH DATA ELEMENTS--GENERAL INFORMATION | |
| fixed length control field | 140124b xxu||||| |||| 00| 0 eng d |
| 020 ## - INTERNATIONAL STANDARD BOOK NUMBER | |
| International Standard Book Number | 9781607884651 |
| 050 ## - LIBRARY OF CONGRESS CALL NUMBER | |
| Classification number | PS 3566.h258 |
| Item number | .P317 2012 |
| 100 ## - MAIN ENTRY--PERSONAL NAME | |
| Personal name | Patterson, James |
| 245 ## - TITLE STATEMENT | |
| Title | 11th hour |
| Statement of responsibility, etc | James Patterson |
| 260 ## - PUBLICATION, DISTRIBUTION, ETC. (IMPRINT) | |
| Place of publication, distribution, etc | New York : |
| Name of publisher, distributor, etc | Grand Central Publishing, |
| Date of publication, distribution, etc | 2012. |
| 300 ## - PHYSICAL DESCRIPTION | |
| Extent | 355 p. : |
| Dimensions | 17cm. |
| 520 ## - SUMMARY, ETC. | |
| Summary, etc | When millionaire Chaz Smith is mercilessly gunned down, Lindsay Boxer discovers that the murder weapon is linked to the deaths of four of San Francisco's most untouchable criminals. Then she's called next to the most bizarre crime scene she's ever witnessed: two bodiless heads elaborately displayed in the garden of a world-famous actor. |
| 650 ## - SUBJECT ADDED ENTRY--TOPICAL TERM | |
| Topical term or geographic name as entry element | Women detectives |
| 650 ## - SUBJECT ADDED ENTRY--TOPICAL TERM | |
| Topical term or geographic name as entry element | Public prosecutors |
| 650 ## - SUBJECT ADDED ENTRY--TOPICAL TERM | |
| Topical term or geographic name as entry element | Crimes against -- Fiction. |
| 942 ## - ADDED ENTRY ELEMENTS (KOHA) | |
| Source of classification or shelving scheme | Library of Congress Classification |
| Koha item type | Books |
| Withdrawn status | Lost status | Source of classification or shelving scheme | Damaged status | Home library | Current library | Shelving location | Date acquired | Total Checkouts | Full call number | Barcode | Date last seen | Copy number | Price effective from | Koha item type |
|---|---|---|---|---|---|---|---|---|---|---|---|---|---|---|
| Library of Congress Classification | Luxembourg Library | Luxembourg Library | Fiction Section | 01/24/2014 | PS 3566.h258 .P317 2012 | 19633 | 01/24/2014 | 1 | 01/24/2014 | Books |